Etelä-Amerikan fyysinen maantiede - Statistics

Yleistilastot
  • Tätä visaa on pelattu 334 kertaa
  • Keskiarvotulos 11 / 20
Vastaustilastot
Vihje Vastaus % Oikein
Pisimmät joet Amazon
94%
Pisin vuoristo Andit
93%
Meri Venezuelan ja Kolumbian pohjoispuolella Karibianmeri
75%
Saaristo noin 900 kilometriä Ecuadorista länteen Galápagossaaret
70%
Saaristo noin 500 kilometriä Argentiinasta itään Falklandinsaaret
66%
Saaristo maanosan eteläkärjessä Tulimaa
66%
Yllä olevan eteläisin kohta Kap {Horn}
63%
Viljava ruohotasanko Uruguayssa, Argentiinassa ja Brasilian eteläosissa Pampa
58%
Rio de Janeiron merkittävät rannat Copacabana
53%
Argentiinan ja Chilen eteläosien muodostama alue Patagonia
51%
Korkein vesiputous Angelin putoukset
50%
Kuivin aavikko Atacama
50%
Rio de Janeiron merkittävät rannat Ipanema
50%
Erikoisen muotoinen vuori Rio de Janeirossa Sokeritoppa
48%
Suurin vesiputous vesivirtaaman mukaan Iguassun putoukset
37%
Pisimmät joet Paraná
37%
Korkein vuori Aconcagua
33%
Suuri laguuni Venezuelassa {Maracaibo}järvi
26%
Atlantin ja Tyynenmeren yhdistävä salmi Magalhãesinsalmi
24%
Käsite Venezuelassa sijaitseville pöytävuorille Tepui
14%
Ehtoja vastaavia visoja ei löytynyt
Tulosjakauma
Jokaisen tuloksen saaneiden osuus
Persentiili vastausten määrän mukaan
Tuloshistoriasi
Et ole pelannut tätä visaa